Statistics for Biggest Cities in Botswana on a Map

Click here to take the quiz!

General Stats

  • This quiz has been taken 180 times
    (102 since last reset)
  • The average score is 5 of 11

Answers on the Map

Answers color-coded by a green-red scale on the quiz's map according to % correct below.
 

Answer Stats

PopulationCity% Correct
246,325Gaborone
98%
103,417Francistown
79%
85,350Maun
63%
48,028Kanye
52%
74,861Molepolole
48%
55,676Serowe
38%
52,636Palapye
37%
48,431Mahalapye
31%
88,004Mogoditshane
15%
55,508Tlokweng
15%
50,321Mochundi
10%

Score Distribution

Percentile by Number Answered

Percent of People with Each Score

Your Score History

You have not taken this quiz since the last reset